Donde nace el alba

Shranjeno v:
Bibliografske podrobnosti
Glavni avtor: Guzmán, Nicomedes 1914-1964 (Author)
Format: Knjiga
Jezik:španščina
Izdano: Santiago Orbe 1944
Teme:
Oznake: Označite
Brez oznak, prvi označite!

MARC

LEADER 00000nam a2200000 a 4500
001 UCQ6599
003 CL-VaPUC
008 981016e19440000CL |||||||||||||||||spa|d
082 0 4 |a Ch863  |b GUZ  |2 21 
100 |a Guzmán, Nicomedes   |d 1914-1964  |e author  |9 374102 
245 1 0 |a Donde nace el alba 
246 1 0 |a Extramuros 
246 1 3 |a La ternura 
246 1 3 |a La angustia 
246 1 0 |a Destello en la bruma 
246 1 0 |a Solo unas cuantas lágrimas 
246 1 0 |a Soledad 
246 1 0 |a Aún quedan madreselvas 
300 |a 211 p 
942 |c BK 
945 |d 19981016 00:00:00  |a lriquelm 
260 |a Santiago  |b Orbe  |c 1944 
650 0 |a Literatura chilena   |9 308278 
650 0 |a Novelas chilenas   |9 265425 
583 |a last modification  |c 19981016 00:00:00  |k Rodrigo Vera 
999 |c 276546  |d 276544 
952 |0 0  |1 0  |4 0  |6 CH_863_000000000000000_GUZ_1944  |7 0  |8 A  |9 313830  |a BIBEDU  |b BIBEDU  |d 2019-11-20  |i 1483412  |o Ch863 GUZ 1944  |p 1483412  |r 2019-11-20  |w 2019-11-20  |y BK  |k LIT 
952 |0 0  |1 0  |4 0  |6 CH_863_000000000000000_GUZ_1944  |7 0  |8 A  |9 313831  |a BIBEDU  |b BIBEDU  |d 2019-11-20  |i 1483463  |o Ch863 GUZ 1944  |p 1483463  |r 2019-11-20  |w 2019-11-20  |y BK  |k LIT